| 000 | 00719nam a22002537a 4500 | ||
|---|---|---|---|
| 005 | 20230613182944.0 | ||
| 008 | 181204b2018 xxu||||| |||| 00| 0 spa d | ||
| 020 | _a9786075380971 | ||
| 041 | _aESP | ||
| 082 | _a004.67 T315ad | ||
| 100 |
_aTerán Pérez, David _980228 |
||
| 245 | _aAdministración y seguridad en redes de computadoras | ||
| 260 | _aMéxico | ||
| 260 | _bAlfaomega | ||
| 260 | _c2018 | ||
| 300 | _a460 páginas | ||
| 650 |
_aREDES DE COMPUTADORES _980229 |
||
| 650 |
_aSEGURIDAD EN REDES _980230 |
||
| 650 |
_aADMINISTRACIÓN DE UNA RED _980231 |
||
| 650 |
_aSEGURIDAD INFORMÁTICA _980232 |
||
| 650 |
_a SERVICIOS DE UNA RED _980233 |
||
| 650 |
_aSEGURIDAD BÁSICA _980234 |
||
| 942 | _cBK | ||
| 999 |
_c11409 _d11409 |
||